000 00681nam a2200217Ia 4500
005 20250923145109.0
008 008 250917s9999 xx 000 0 eng d
037 _aTextual
040 _aDSWL
_beng
_cDSWL
041 _aeng
_2eng
084 _aY31,7;7.2'N65:9t, K7
_qDSWL
100 _aSen, Lalit K.
_9831767
245 0 _aAwareness of community development village India : Preliminary report
_cby Lalit K. Sen
260 _aHydrabad
_bNational Institute of community development
_c1966
300 _a140 p.
365 _aINR
_b2
700 _aP. Roy
_9831768
925 _g2
942 _cTEXL
_hY31,7;7.2'N65:9t, K7
999 _c1447050
_d1447050